O Kubovi

Bibliographic Details
Main Author: Čtvrtek, Václav, 1911-1976 (Author)
Format: Book
Language:Undetermined
PhysicalDescription:77 s.
Published: Praha Dilia 1961

MARC

LEADER 00000nam a2200000 a 4500
001 vtls001414340
003 SK-MaSNL
005 20260302001509.0
008 240314s1961 xx 0 und
035 |a SNK000369064 
040 |a SNK  |b slo  |c SNK  |e AACR2 
100 1 |a Čtvrtek, Václav,  |d 1911-1976  |4 aut  |9 184386 
245 1 0 |a O Kubovi 
260 |a Praha  |b Dilia  |c 1961 
300 |a 77 s. 
999 |c 984093  |d 986023 
952 |t P60, <05>, [BOOK], {605}  |a SNK  |b SNK  |y PREZ  |7 0  |p 17A0301554  |o snkIB 11842  |0 0  |1 0  |4 0  |d 2001-06-01  |l 0  |r 2005-01-02 00:00:00  |w 2026-02-24